[Event "Parana-ch"]
[Site "Pirai do Sul"]
[Date "2017.02.01"]
[Round "1"]
[White "Gonzalez, Bolivar Ribeiro"]
[Black "Carmo, Pedro Henrique Prad"]
[Result "1-0"]
[WhiteElo "2241"]
[BlackElo "1618"]
[PlyCount "59"]
[EventDate "2017.02.01"]
[EventType "swiss"]
[EventRounds "8"]
[EventCountry "BRA"]
[SourceTitle "CBM 176 Extra"]
[Source "ChessBase"]
[SourceDate "2017.03.02"]
[SourceVersion "1"]
[SourceVersionDate "2017.03.02"]
[SourceQuality "1"]

1. e4 c5 2. Nf3 Nc6 3. d4 cxd4 4. Nxd4 Nf6 5. Nc3 g6 6. Nxc6 bxc6 7. e5 Nh5 8. Qd4 Ng7 9. Bc4 d5 10. exd6 Qxd6 11. Qe4 Bf5 12. Qe2 Ne6 13. Be3 Bg7 14. g4 Bxc3+ 15. bxc3 Be4 16. f3 Bd5 17. Rd1 Bxc4 18. Qxc4 Qc7 19. f4 Rd8 20. Rd3 Qb7 21. 0-0 0-0 22. f5 Ng7 23. Rxd8 Rxd8 24. fxg6 hxg6 25. Qxf7+ Kh7 26. Bd4 Rg8 27. Re1 Qd7 28. h3 Qd6 29. Qf2 Ne6 30. Qh4# 1-0

[Event "Florianopolis op 3rd"]
[Site "Florianopolis"]
[Date "2017.01.23"]
[Round "6"]
[White "Luz, Christian Oliveira"]
[Black "Carmo, Pedro Henrique Prad"]
[Result "0-1"]
[WhiteElo "1750"]
[BlackElo "1618"]
[PlyCount "36"]
[EventDate "2017.01.20"]
[EventType "swiss"]
[EventRounds "10"]
[EventCountry "BRA"]
[SourceTitle "CBM 176 Extra"]
[Source "ChessBase"]
[SourceDate "2017.03.02"]
[SourceVersion "1"]
[SourceVersionDate "2017.03.02"]
[SourceQuality "1"]

1. d4 d5 2. Bf4 e6 3. Nf3 Nf6 4. c3 Bd6 5. Bg3 c5 6. Nbd2 Nc6 7. e3 c4 8. Qc2 b5 9. Bxd6 Qxd6 10. g3 e5 11. e4 exd4 12. exd5 d3 13. Nxc4 Qe7+ 14. Ne3 dxc2 15. dxc6 Ng4 16. Bxb5 Nxe3 17. c7+ Bd7 18. Bxd7+ Kxd7 0-1

[Event "Florianopolis op 3rd"]
[Site "Florianopolis"]
[Date "2017.01.21"]
[Round "2"]
[White "Carmo, Pedro Henrique Prad"]
[Black "Costa, Flavio Luis Cesar"]
[Result "0-1"]
[WhiteElo "1618"]
[BlackElo "1958"]
[PlyCount "44"]
[EventDate "2017.01.20"]
[EventType "swiss"]
[EventRounds "10"]
[EventCountry "BRA"]
[SourceTitle "CBM 176 Extra"]
[Source "ChessBase"]
[SourceDate "2017.03.02"]
[SourceVersion "1"]
[SourceVersionDate "2017.03.02"]
[SourceQuality "1"]

1. e4 c5 2. Nf3 g6 3. c3 d5 4. exd5 Qxd5 5. d4 Bg7 6. Be3 cxd4 7. Bxd4 Nf6 8. Bd3 Nc6 9. Be3 0-0 10. 0-0 Ng4 11. Re1 Nxe3 12. Rxe3 Rd8 13. Nbd2 Bg4 14. Bc4 Bxf3 15. Bxd5 Bxd1 16. Bxc6 Rxd2 17. Bxb7 Rb8 18. Rxe7 Bf8 19. Rc7 Bd6 20. Rc8+ Rxc8 21. Bxc8 Bc5 22. Bb7 Rxf2 0-1

[Event "Foz do Iguacu op 6th"]
[Site "Foz do Iguacu"]
[Date "2016.05.28"]
[Round "3"]
[White "Carmo, Pedro Henrique Prad"]
[Black "Franco, Jefferson Gregorio"]
[Result "1/2-1/2"]
[WhiteElo "1615"]
[BlackElo "1789"]
[PlyCount "53"]
[EventDate "2016.05.27"]
[EventType "swiss"]
[EventRounds "6"]
[EventCountry "BRA"]
[SourceTitle "CBM 172 Extra"]
[Source "ChessBase"]
[SourceDate "2016.06.21"]
[SourceVersion "1"]
[SourceVersionDate "2016.06.21"]
[SourceQuality "1"]

1. e4 c6 2. Nf3 d5 3. exd5 cxd5 4. d4 Nf6 5. Nc3 e6 6. Bf4 Bd6 7. Qd2 0-0 8. Nb5 Bxf4 9. Qxf4 Nc6 10. Nc3 Bd7 11. Bd3 Re8 12. 0-0 Nb4 13. Ne5 Nc6 14. Rfe1 Qb6 15. Nxc6 Bxc6 16. Rab1 a6 17. Re3 Bb5 18. Nxb5 axb5 19. a3 b4 20. axb4 Qxb4 21. c3 Qe7 22. Qg5 h6 23. Qh4 Nd7 24. Qh3 Ra7 25. Rg3 Qf6 26. Rf3 Qg5 27. Re3 1/2-1/2

[Event "Matinhos Caioba op"]
[Site "Matinhos"]
[Date "2015.08.14"]
[Round "1"]
[White "Carmo, Pedro Henrique Prad"]
[Black "Campelo, Leandro Fabricio"]
[Result "0-1"]
[WhiteElo "1627"]
[BlackElo "2201"]
[PlyCount "27"]
[EventDate "2015.08.14"]
[EventType "swiss"]
[EventRounds "6"]
[EventCountry "BRA"]
[SourceTitle "EXT 2016"]
[Source "ChessBase"]
[SourceDate "2015.10.08"]
[SourceVersion "1"]
[SourceVersionDate "2015.10.08"]
[SourceQuality "1"]

1. e4 c5 2. Nf3 e6 3. c4 Nc6 4. Nc3 a6 5. d4 cxd4 6. Nxd4 Qc7 7. g3 Nf6 8. Bg2 Bc5 9. Be3 Ne5 10. b3 Neg4 11. Bg5 Qe5 12. Bxf6 Qxf6 13. Nce2 Qxf2+ 14. Kd2 0-1

[Event "Curitiba Sul Regional-ch"]
[Site "Curitiba"]
[Date "2015.07.12"]
[Round "6"]
[White "Przygoda, Karin"]
[Black "Carmo, Pedro Henrique Prad"]
[Result "1-0"]
[WhiteElo "1846"]
[BlackElo "1658"]
[PlyCount "41"]
[EventDate "2015.07.10"]
[EventType "swiss"]
[EventRounds "6"]
[EventCountry "BRA"]
[SourceTitle "EXT 2017"]
[Source "ChessBase"]
[SourceDate "2016.10.25"]
[SourceVersion "1"]
[SourceVersionDate "2016.10.25"]
[SourceQuality "1"]

1. e4 e5 2. Nf3 Nc6 3. Bc4 h6 4. Nc3 Nf6 5. d3 d6 6. h3 Be6 7. Bb3 Be7 8. Be3 0-0 9. 0-0 Qd7 10. Qe2 d5 11. exd5 Nxd5 12. Nxd5 Bxd5 13. Bd2 Nd4 14. Nxd4 exd4 15. Bxd5 Bd6 16. Qf3 Rad8 17. Bxb7 c5 18. Bd5 Rfe8 19. Bc6 Qc7 20. Bxe8 Rxe8 21. Rfe1 1-0

[Event "Curitiba Sul Regional-ch"]
[Site "Curitiba"]
[Date "2015.07.10"]
[Round "1"]
[White "Chemin, Vitorio"]
[Black "Carmo, Pedro Henrique Prad"]
[Result "1-0"]
[WhiteElo "2133"]
[BlackElo "1658"]
[PlyCount "51"]
[EventDate "2015.07.10"]
[EventType "swiss"]
[EventRounds "6"]
[EventCountry "BRA"]
[SourceTitle "EXT 2016"]
[Source "ChessBase"]
[SourceDate "2015.10.08"]
[SourceVersion "1"]
[SourceVersionDate "2015.10.08"]
[SourceQuality "1"]

1. Nf3 d5 2. c4 Nf6 3. cxd5 Nxd5 4. e4 Nf6 5. Nc3 Bg4 6. Qb3 b6 7. Ne5 Be6 8. Bb5+ Nbd7 9. Qa4 g6 10. d4 Bg7 11. d5 0-0 12. Nc6 Nc5 13. Nxd8 Nxa4 14. Bxa4 Bxd5 15. exd5 Raxd8 16. Bc6 Rd6 17. Bf4 Rdd8 18. Bxc7 Rc8 19. Be5 Rfd8 20. 0-0 e6 21. Bxf6 Bxf6 22. Rfd1 Rd6 23. Ne4 Rdxc6 24. Nxf6+ Kg7 25. dxc6 Kxf6 26. Rac1 1-0

[Event "Foz do Iguacu op 2nd"]
[Site "Foz do Iguacu"]
[Date "2014.12.14"]
[Round "5"]
[White "Carmo, Pedro Henrique Prad"]
[Black "Molina, Vicente"]
[Result "0-1"]
[WhiteElo "1746"]
[BlackElo "1822"]
[PlyCount "104"]
[EventDate "2014.12.12"]
[EventType "swiss"]
[EventRounds "6"]
[EventCountry "BRA"]
[SourceTitle "EXT 2016"]
[Source "ChessBase"]
[SourceDate "2015.10.08"]
[SourceVersion "1"]
[SourceVersionDate "2015.10.08"]
[SourceQuality "1"]

1. e4 c5 2. Nf3 d6 3. c3 Nc6 4. d4 cxd4 5. cxd4 Nf6 6. Nc3 e5 7. d5 Ne7 8. Bb5+ Bd7 9. Qa4 Nc8 10. Bg5 Be7 11. Bxd7+ Qxd7 12. Qxd7+ Kxd7 13. 0-0 a6 14. Rac1 b5 15. Rc2 Nb6 16. Rfc1 Rhc8 17. Bxf6 Bxf6 18. Ne2 Na4 19. Nc3 Nc5 20. Ne1 Bg5 21. Rd1 b4 22. Nf3 Bd8 23. Ne2 Nxe4 24. Rdc1 Rxc2 25. Rxc2 Rc8 26. Rxc8 Kxc8 27. Ng3 Nxg3 28. fxg3 Kb7 29. Kf2 f5 30. Ke2 Kb6 31. Ne1 a5 32. Nd3 Bf6 33. b3 g5 34. Ke3 e4 35. Nf2 Kb5 36. g4 Kc5 37. gxf5 Bd4+ 38. Kxe4 Bxf2 39. f6 Bd4 40. f7 Bg7 41. h3 Bf8 42. g4 Bg7 43. Kd3 Kxd5 44. Ke3 Ke5 45. Kd3 d5 46. Ke3 d4+ 47. Kf3 Kd5 48. Ke2 Ke4 49. Kd2 d3 50. Kd1 Kf3 51. Kd2 Kg3 52. Kxd3 Kxh3 0-1

[Event "Foz do Iguacu op 2nd"]
[Site "Foz do Iguacu"]
[Date "2014.12.13"]
[Round "3"]
[White "Farhat, Mohamed Abdallah"]
[Black "Carmo, Pedro Henrique Prad"]
[Result "0-1"]
[WhiteElo "1775"]
[BlackElo "1746"]
[PlyCount "66"]
[EventDate "2014.12.12"]
[EventType "swiss"]
[EventRounds "6"]
[EventCountry "BRA"]
[SourceTitle "EXT 2016"]
[Source "ChessBase"]
[SourceDate "2015.10.08"]
[SourceVersion "1"]
[SourceVersionDate "2015.10.08"]
[SourceQuality "1"]

1. d4 d5 2. c4 e6 3. Nc3 c6 4. cxd5 exd5 5. Nf3 Nf6 6. Bg5 Be7 7. e3 Bg4 8. h3 Bh5 9. Be2 Nbd7 10. 0-0 0-0 11. Qc2 Re8 12. Rab1 Rc8 13. b4 b5 14. Ne1 Bg6 15. Bd3 Nf8 16. Bxg6 Nxg6 17. Nd3 Ne4 18. Bxe7 Qxe7 19. Nxe4 Qxe4 20. Rbe1 Nh4 21. f3 Qg6 22. Qd2 Nxg2 23. Qxg2 Qxd3 24. Qe2 Qc3 25. f4 Qxb4 26. Rc1 Qe7 27. Rf3 Qf6 28. Qg2 Qh6 29. Kf2 Re6 30. Rg3 Qh4 31. Qxd5 Rxe3 32. Kxe3 Qxg3+ 33. Qf3 Re8+ 0-1

[Event "Foz do Iguacu op 4th"]
[Site "Foz do Iguacu"]
[Date "2014.06.19"]
[Round "2"]
[White "Carmo, Pedro Henrique Prad"]
[Black "Merlo, Rodrigo Cesar"]
[Result "0-1"]
[WhiteElo "1746"]
[BlackElo "1891"]
[PlyCount "44"]
[EventDate "2014.06.19"]
[EventType "swiss"]
[EventRounds "7"]
[EventCountry "BRA"]
[SourceTitle "CBM 161 Extra"]
[Source "ChessBase"]
[SourceDate "2014.08.29"]
[SourceVersion "1"]
[SourceVersionDate "2014.08.29"]
[SourceQuality "1"]

1. e4 c5 2. Nf3 e6 3. c3 d5 4. exd5 exd5 5. Bb5+ Nc6 6. Ne5 Qc7 7. Qe2 Be6 8. d4 Nf6 9. f4 Ne4 10. Nd2 Nxd2 11. Bxd2 Be7 12. dxc5 0-0 13. Bxc6 bxc6 14. b4 Bh4+ 15. g3 Bf6 16. 0-0-0 a5 17. Be3 axb4 18. cxb4 Bxe5 19. fxe5 Qxe5 20. Rhe1 Qa1+ 21. Kc2 Rxa2+ 22. Kd3 Bf5# 0-1